00779nam a22002297a 450000500170000001000130001702000100003003500130004003700160005304000120006908200180008110000230009924500610012226000420018327000330022530000240025865000260028265000580030894200270036699900190039395201370041220170124110103.0 aA-351119 c00.00 aA-351119 bCen Lib/Ret aDPLbEN a954.0841bSIN aSingh, V.P.927640 aHistory of freedom movement in India /cby V.P. Singh aBareillybV.K. Publishing Housec1988 a10, Subhash MarketbBareilly aix,257p. c21cm(Hb) aIndian History927641 aBritish Occupation of India (1765-1947)zIndia923746 2ddccENh954.0841mSIN c129869d129869 00104070aLbLd2015-07-07eCen Lib/Retg0.00l3o954.0841 SINpA-351119r2019-10-25 00:00:00s2019-09-30t1v0.00w2015-07-07yEN